000 00410nam a22001217a 4500
082 _a220 PRO
100 _abdullah Maqsood Janjua Muhammad Umer Bin Khalid Arbab MaliK
_973097
245 _aPR-SOF-1943-Design and Fabrication of a Smart Walker Frame
260 _aISLAMABAD
_bNUST COLLEGE OF EME
_c2020
650 _aDE-COMP-38
700 _aProject Supervisor Asst. Prof. Naveed Akmal Din
_973098
942 _cCR
999 _c578965
_d578965